Les surnoms de villes françaises - Statistiques

Statistiques générales
  • Ce quiz a été pris 381 fois
  • Le résultat moyen est 7 sur 12
Statistiques - réponses
Hint Réponse % Correct
La ville rose Toulouse
98%
La capitale des Gaules Lyon
91%
La capitale des Flandres Lille
84%
La cité des papes Avignon
77%
La cité des ducs de Bretagne Nantes
75%
La Venise des Alpes Annecy
61%
La belle endormie Bordeaux
55%
La cité corsaire Saint Malo
43%
La cité du Lion Belfort
31%
La Venise du Nord Amiens
26%
La porte du midi Valence
25%
La rayonnante Perpignan
20%
Aucun quiz correspondant
Distribution des résultats
% des personnes avec chaque résultat
Percentile par nombre de réponses
Votre historique - résultats
Vous n’avez pas pris ce quiz